Aussenwirtschaftstheorie Einführung und Neuere Ansätze

Guardado en:
Detalles Bibliográficos
Autor principal: Broll, Udo
Otros Autores: Gilroy, Bernhard M.
Formato: Libro
Lenguaje:alemán
Publicado: München Oldenbourg 1994
Edición:2. durchges. Aufl.
Materias:
Etiquetas: Agregar Etiqueta
Sin Etiquetas, Sea el primero en etiquetar este registro!

MARC

LEADER 00000nam a2200000 4500
001 c010264
005 20221205140336.8
020 |a 3-486-22964-8 
041 0 |a ger 
044 |a DE 
245 1 0 |a Aussenwirtschaftstheorie  |b Einführung und Neuere Ansätze  |c Udo Broll, Bernhard M. Gilroy 
250 |a 2. durchges. Aufl. 
264 1 |a München  |b Oldenbourg  |c 1994 
300 |a 277 s. 
610 2 0 |a politika hospodárska 
610 2 0 |a politika zahraničná 
610 2 0 |a politika obchodná 
610 2 0 |a deľba práce 
610 2 0 |a konkurencia 
610 2 0 |a protekcionizmus 
610 2 0 |a ekonómia politická 
610 2 0 |a modely 
610 2 0 |a teórie ekonomické 
100 1 |a Broll, Udo 
700 1 |a Gilroy, Bernhard M.